MDQL
is popping MORE tags! Check the
thread
!
Quizzes
Events
Quiz Creation
Community
Videos
Private Events
Remove Ads
Sign In
Join for FREE
Feedback
Dark Mode
Quiz Categories
Sports
Geography
Music
Movies
Television
Just For Fun
Miscellaneous
History
Literature
Language
Science
Gaming
Entertainment
Religion
Holiday
For Kids
Quiz Lab
Recent
Popular Today
Quiz Kudos Today
Editor Picks
Curator Picks
Quizzes by...
Day
Popularity
Type
Ratings
Length
Year
Community
Subscriptions
Recent Discussions
Orange Saloon
Badges
Playlists
Quests
Create
Leaderboards
Showdown
Live 5
Trivia Bingo
Activity
Puzzle Library
Sporcle Events
Private Events
Virtual Trivia
Globe League
Become a Host
Pub Owners
SporcleCon
Opinionation
Our Games
Videos
Blog
Mobile Apps
Partnerships
Remove Ads and Go Orange
Feedback
Sports
Athletes
MLB
NBA
NHL
NFL
Soccer
Sports Teams
WWE
NCAA
Football
Premier League
Basketball
Baseball
Hockey
Golf
Tennis
Cricket
Rugby
Auto Racing
Olympics
World Cup
Sports
Athletes
MLB
NBA
NHL
NFL
Soccer
Sports Teams
WWE
NCAA
Football
Premier League
Basketball
Baseball
Hockey
Golf
Tennis
Cricket
Rugby
Auto Racing
Olympics
World Cup
Random Quiz
Search Sporcle
×
Quiz Lab
Quiz Lab
Sports
NHL
Type in answers that appear in a list
Type in answers that appear in a list
Classic
Best Score? Go Orange.
NHL All-Rookie Teams Stats
Can you name the players who have been named into the NHL All-Rookie teams?
By
cheesyjon
18m
174 Questions
106 Plays
106 Plays
106 Plays
Comments
Comments
Give Quiz Kudos
Give Quiz Kudos
-
- Ratings
hide this ad
Replay
Link that replays current quiz
Next Quiz
Link to next quiz in quiz playlist
You Got
0%
They Got
Avg Score
52%
Avg Friend Score
Upgrade to see
Score Distribution
Jump to the score distribution portion of the page
Score
0/174
Timer
18:00
0
Plays Today
Year (Position)
Player
% Correct
2009-
10 (F)
John Tavares
91.5%
2009-
10 (G)
Jimmy Howard
89.6%
2007-
08 (F)
Patrick Kane
89.6%
2007-
08 (F)
Jonathan Toews
89.6%
2005-
06 (F)
Sidney Crosby
89.6%
2011-
12 (F)
Ryan Nugent-Hopkins
88.7%
2011-
12 (F)
Gabriel Landeskog
87.7%
2006-
07 (F)
Evgeni Malkin
87.7%
2010-
11 (G)
Corey Crawford
86.8%
2007-
08 (G)
Carey Price
86.8%
2006-
07 (F)
Jordan Staal
86.8%
2005-
06 (G)
Henrik Lundqvist
86.8%
2008-
09 (G)
Steve Mason
85.8%
2010-
11 (F)
Jeff Skinner
84%
2011-
12 (F)
Adam Henrique
83%
2007-
08 (F)
Nicklas Backstrom
83%
2009-
10 (F)
Matt Duchene
82.1%
2005-
06 (F)
Alex Ovechkin
82.1%
2008-
09 (F)
Bobby Ryan
81.1%
2008-
09 (D)
Drew Doughty
81.1%
2010-
11 (F)
Logan Couture
80.2%
2006-
07 (F)
Paul Stastny
80.2%
2001-
02 (F)
Ilya Kovalchuk
80.2%
2009-
10 (D)
Tyler Myers
79.2%
2010-
11 (D)
P.K. Subban
78.3%
2002-
03 (F)
Rick Nash
77.4%
2006-
07 (G)
Mike Smith
76.4%
2005-
06 (D)
Dion Phaneuf
76.4%
1992-
93 (F)
Teemu Selanne
76.4%
1989-
90 (D)
Geoff Smith
76.4%
2011-
12 (G)
Jhonas Enroth
74.5%
2000-
01 (G)
Evgeni Nabokov
74.5%
2001-
02 (F)
Dany Heatley
73.6%
1992-
93 (F)
Eric Lindros
73.6%
1994-
95 (F)
Peter Forsberg
72.6%
1992-
93 (D)
Scott Niedermayer
72.6%
1991-
92 (D)
Nicklas Lidstrom
72.6%
2008-
09 (D)
Luke Schenn
71.7%
1998-
99 (F)
Marian Hossa
71.7%
1990-
91 (F)
Sergei Fedorov
71.7%
1990-
91 (G)
Ed Belfour
70.8%
1998-
99 (F)
Milan Hejduk
69.8%
1997-
98 (F)
Patrik Elias
69.8%
1984-
85 (F)
Mario Lemieux
69.8%
2010-
11 (D)
John Carlson
68.9%
1995-
96 (F)
Daniel Alfredsson
68.9%
1994-
95 (F)
Paul Kariya
68.9%
1993-
94 (G)
Martin Brodeur
68.9%
1982-
83 (D)
Scott Stevens
68.9%
1998-
99 (F)
Chris Drury
67.9%
1990-
91 (F)
Jaromir Jagr
67.9%
1997-
98 (F)
Mike Johnson
67%
1990-
91 (D)
Rob Blake
66%
1983-
84 (F)
Steve Yzerman
66%
2009-
10 (D)
Michael Del Zotto
65.1%
2002-
03 (F)
Henrik Zetterberg
65.1%
1996-
97 (F)
Jarome Iginla
65.1%
1985-
86 (G)
Patrick Roy
65.1%
Year (Position)
Player
% Correct
1999-
00 (F)
Scott Gomez
64.2%
1992-
93 (G)
Felix Potvin
64.2%
2007-
08 (D)
Tobias Enstrom
63.2%
1987-
88 (F)
Joe Nieuwendyk
63.2%
2000-
01 (F)
Brad Richards
62.3%
1991-
92 (G)
Dominik Hasek
62.3%
2003-
04 (G)
Andrew Raycroft
61.3%
2001-
02 (G)
Dan Blackburn
61.3%
2010-
11 (F)
Michael Grabner
60.4%
1997-
98 (F)
Sergei Samsonov
60.4%
1993-
94 (D)
Chris Pronger
60.4%
1986-
87 (F)
Luc Robitaille
60.4%
1985-
86 (D)
Gary Suter
60.4%
2000-
01 (F)
Martin Havlat
59.4%
2011-
12 (D)
Justin Faulk
58.5%
1999-
00 (D)
Brian Rafalski
58.5%
1983-
84 (G)
Tom Barrasso
58.5%
1983-
84 (F)
Sylvain Turgeon
57.5%
2011-
12 (D)
Jake Gardiner
56.6%
1991-
92 (F)
Tony Amonte
56.6%
1986-
87 (G)
Ron Hextall
56.6%
2006-
07 (D)
Marc-Edouard Vlasic
55.7%
2002-
03 (D)
Jay Bouwmeester
55.7%
2001-
02 (D)
Rostislav Klesla
55.7%
1996-
97 (D)
Bryan Berard
55.7%
1994-
95 (G)
Jim Carey
55.7%
1989-
90 (F)
Mike Modano
55.7%
1982-
83 (F)
Mats Naslund
55.7%
2002-
03 (D)
Barret Jackman
53.8%
1997-
98 (D)
Mattias Ohlund
52.8%
1993-
94 (F)
Jason Arnott
52.8%
2008-
09 (F)
Kris Versteeg
51.9%
1984-
85 (D)
Chris Chelios
51.9%
2000-
01 (D)
Colin White
50.9%
1995-
96 (F)
Eric Daze
50.9%
1995-
96 (D)
Ed Jovanovski
50.9%
1982-
83 (D)
Phil Housley
50.9%
1982-
83 (G)
Pelle Lindbergh
50.9%
2009-
10 (F)
Niclas Bergfors
50%
2003-
04 (D)
John-Michael Liles
50%
1988-
89 (F)
Trevor Linden
50%
1999-
00 (F)
Simon Gagne
49.1%
1986-
87 (F)
Jimmy Carson
48.1%
2003-
04 (F)
Michael Ryder
47.2%
1999-
00 (G)
Brian Boucher
47.2%
2003-
04 (F)
Trent Hunter
46.2%
1991-
92 (D)
Vladimir Konstantinov
46.2%
1989-
90 (F)
Rod Brind'Amour
46.2%
1989-
90 (F)
Sergei Makarov
46.2%
1989-
90 (G)
Bob Essensa
46.2%
2008-
09 (F)
Patrik Berglund
45.3%
2002-
03 (G)
Sebastien Caron
45.3%
1996-
97 (G)
Patrick Lalime
45.3%
1995-
96 (F)
Petr Sykora
45.3%
1988-
89 (D)
Brian Leetch
45.3%
1998-
99 (G)
Jamie Storr
44.3%
1997-
98 (G)
Jamie Storr
44.3%
1992-
93 (F)
Joe Juneau
44.3%
Year (Position)
Player
% Correct
1982-
83 (F)
Steve Larmer
44.3%
2005-
06 (F)
Brad Boyes
43.4%
2007-
08 (D)
Tom Gilbert
41.5%
1993-
94 (F)
Mikael Renberg
41.5%
1985-
86 (F)
Wendel Clark
39.6%
1987-
88 (D)
Glen Wesley
38.7%
1984-
85 (D)
Bruce Bell
38.7%
2006-
07 (D)
Matt Carle
37.7%
2000-
01 (D)
Lubomir Visnovsky
36.8%
1996-
97 (F)
Sergei Berezin
36.8%
1994-
95 (F)
Jeff Friesen
36.8%
1986-
87 (D)
Steve Duchesne
36.8%
2002-
03 (F)
Tyler Arnason
34.9%
1999-
00 (D)
Brad Stuart
34.9%
1997-
98 (D)
Derek Morris
34.9%
1984-
85 (F)
Warren Young
34.9%
1983-
84 (F)
Hakan Loob
34.9%
2003-
04 (D)
Joni Pitkanen
34%
2005-
06 (D)
Andrej Meszaros
32.1%
2003-
04 (F)
Ryan Malone
31.1%
1988-
89 (D)
Zarley Zalapski
31.1%
1988-
89 (G)
Peter Sidorkiewicz
31.1%
1999-
00 (F)
Mike York
30.2%
1998-
99 (D)
Sami Salo
30.2%
1984-
85 (G)
Steve Penney
29.2%
1994-
95 (D)
Kenny Jonsson
28.3%
1991-
92 (F)
Gilbert Dionne
28.3%
1996-
97 (D)
Janne Niinimaa
27.4%
1993-
94 (D)
Boris Mironov
27.4%
1987-
88 (D)
Calle Johansson
26.4%
1987-
88 (G)
Darren Pang
26.4%
2001-
02 (F)
Kristian Huselius
24.5%
1996-
97 (F)
Jim Campbell
24.5%
1992-
93 (D)
Vladimir Malakhov
24.5%
2001-
02 (D)
Nick Boynton
23.6%
1995-
96 (G)
Corey Hirsch
23.6%
1983-
84 (D)
Thomas Eriksson
23.6%
1985-
86 (F)
Kjell Dahlin
22.6%
1984-
85 (F)
Tomas Sandstrom
22.6%
1990-
91 (F)
Ken Hodge
21.7%
1988-
89 (F)
Tony Granato
21.7%
1987-
88 (F)
Ray Sheppard
21.7%
1983-
84 (D)
Jamie Macoun
21.7%
2000-
01 (F)
Shane Willis
20.8%
1995-
96 (D)
Kyle McLaren
20.8%
1994-
95 (D)
Chris Therien
20.8%
1993-
94 (F)
Oleg Petrov
19.8%
1998-
99 (D)
Tom Poti
17.9%
1991-
92 (F)
Kevin Todd
17.9%
1985-
86 (F)
Mike Ridley
17.9%
1989-
90 (D)
Brad Shaw
17%
1982-
83 (F)
Dan Daoust
17%
1990-
91 (D)
Eric Weinrich
16%
1986-
87 (D)
Brian Benning
16%
1988-
89 (F)
David Volek
15.1%
1986-
87 (F)
Jim Sandlak
14.2%
1987-
88 (F)
Iain Duncan
8.5%
1985-
86 (D)
Dana Murzyn
8.5%
Quiz Playlist
Details
Report
Send in Message
Add To Playlist
Classic:
Type in answers that appear in a list
Quiz Source
Last Updated: Feb 16, 2017
Quiz Scoreboard
CHALLENGE
Sign Up to Join the Scoreboard
Show All
Scores
Hide
Comments
May contain spoilers
Recently Published
5x2 Blitz: Bands
by SL_Kpop136
Music
30s
Colored Red Africa Blitz
by spor1
Geography
30s
Find the 'City' Movie
by crazypaving
Movies
60s
More to Explore
Quiz From the Vault
Featured Blog Post
14 Easter Pick-up Lines to Find Eggs With
hide this ad
You Might Also Like...
Tags
NHL Quiz
All-Star
rookie
team
Today's Top Quizzes in Sports
Browse Sports
hide this ad
Today's Top Quizzes in NHL
Browse NHL
Top Contributed Quizzes in Sports
1
Les entraîneurs de l'OM et du PSG au 21e siècle
2
Les meilleurs buteurs des matchs entre le PSG et l’OM
3
Les joueurs passés par le PSG et l'OM
4
Players with Multiple 50 Home Run Seasons
5
2022 World Cup Stars
6
Criteria MLB: Left Handed Sluggers
7
NBA Logic Puzzle 2.0
8
MLB Players with Two .350 Batting Average Seasons
9
Top 10 NHL Goal Scorers of All Time
10
Les joueurs passés par le LOSC et le RC Lens
Explore More
Trending Topics
Anime
Harry Potter
Kpop
Marvel
Crossword
Disney
NBA
Puzzle
Pokémon
Soccer
The Office
WWE
Song
NFL
Country
hide this ad
More By:
cheesyjon
Quiz
Plays
Rating
Category
Featured
Created
Superhero/Villain by Actor
185,874
3.82
Entertainment
Nov 2, 2009
Countries With The Most...
164,794
4.42
Geography
Dec 1, 2009
Countries That Take Up 1% of the World's Population
109,308
4.59
Geography
Nov 24, 2012
Mass Effect Characters by Description
8,333
4.56
Gaming
Apr 9, 2012
Uncharted Characters
6,115
3.86
Gaming
Dec 9, 2009
Go to Creator's Profile
Score Distribution
Quiz Creator Spotlight
cheesyjon
Follow
Send a Message
Quizzes Created
-
Created Quiz Play Count
-
More By This Creator
Popular Quizzes Today
1
Colored Red Africa Blitz
2
Find the 'City' Movie
3
Find the US States - No Outlines Minefield
4
5x2 Blitz: Bands
5
The Countries of the World
6
Find the US States
7
US States
8
Find the Countries of Europe - No Outlines Minefield
More Sports Quizzes
1979 NBA Draft - 1st Round
Quiz Lab
Trending Quizzes
Colored Red Europe Blitz I
Colored Red Africa Blitz II
Colored Red Europe Blitz II
Colored Red Europe Blitz III
Colored Red Africa Blitz III
Recently Updated
How Do You Spell That?
pecheneg
Godzilla Movies
pecheneg
Grab Bag: 4-10 Letters
pecheneg
2024 March Madness Bracket
pecheneg
Famous TV Couples
Peacemaker
Champions League XIs: Real Madrid
pecheneg
Largest US Cities 1790-2010
pecheneg
Rides in Walt Disney World
pecheneg
Most Oscar Losses (Acting)
pecheneg
Beyoncé Albums
pecheneg
Trending Topics
Anime
Marvel
Disney
Harry Potter
Kpop
NBA
Crossword
Country
The Office
Soccer
Song
WWE
Pokémon
NFL
Puzzle
Your Account Isn't Verified!
In order to create a playlist on Sporcle, you need to verify the email address you used during registration. Go to your
Sporcle Settings
to finish the process.
Report this User
Report this user for behavior that violates our
Community Guidelines
.
Details:
Send Report
Go to the Sporcle.com Mobile Site →
Comments